| 000 | 00773cam a2200253 4500 | ||
|---|---|---|---|
| 001 | WB3549-14 | ||
| 008 | 000000n1999 000 0 eng u | ||
| 035 | _a(Sirsi) u103197 | ||
| 245 | _aSomerfield weaves new web | ||
| 260 | _c1999 | ||
| 490 |
_aProperty Week _v64(48) 10 December 1999, 11(1) |
||
| 520 | _aSomerfield is to open a network of at least 18 distribution centres in the UK to back up its development of home shopping. | ||
| 590 | _aWB | ||
| 650 | _aHOME SHOPPING | ||
| 650 | _aSOMERFIELD | ||
| 650 | _aFOOD RETAILERS | ||
| 650 | _aHOME DELIVERY | ||
| 650 | _aINTERNET SHOPPING | ||
| 650 | _aDISTRIBUTION CENTRES | ||
| 650 | _aRETAIL PROPERTY | ||
| 650 | _aSUPERMARKET | ||
| 690 | _aPROPERTY-COMMERCIAL PROPERTY-RETAIL PROPERTY | ||
| 942 | _n0 | ||
| 999 |
_c62024 _d62024 |
||